00563nam a2200145 a 4500008004100000050001400041110006300055245011400118260007000232300000900302350000900311500004900320650003700369650001100406080310s1999 ||||||||||||||||| || u aUSAID(02) aUnited States Agency for International Development (USAID)10aReport on a Consultative Meeting on AIDS as a Development Crisis in Africa: rethinking strategies and results aNew YorkbUnited States Agency for International Develomentc1999 a38p. a0.00 aThe Report of September 29 - October 1, 1999 aAIDS (DISEASE)--EPIDEMIC--AFRICA aHEALTH